[Event "Niedersachsen-ch Seniors op 09th"]
[Site "Bad Bevensen"]
[Date "2006.07.01"]
[Round "8"]
[White "Bodenstein, Joachim"]
[Black "Kirschner, Dietmar"]
[Result "1-0"]
[WhiteElo "1899"]
[BlackElo "1911"]
[PlyCount "67"]
[EventDate "2006.06.24"]
[EventType "swiss"]
[EventRounds "9"]
[EventCountry "GER"]
[SourceTitle "EXT 2022"]
[Source "ChessBase"]
[SourceDate "2021.10.06"]
[SourceVersion "1"]
[SourceVersionDate "2021.10.06"]
[SourceQuality "1"]

1. e4 c5 2. Nf3 Nc6 3. d4 cxd4 4. Nxd4 e6 5. Nb5 Nf6 6. N1c3 Bb4 7. a3 Bxc3+ 8. Nxc3 d5 9. exd5 Nxd5 10. Nxd5 exd5 11. Bd3 0-0 12. 0-0 Ne5 13. Bxh7+ Kxh7 14. Qh5+ Kg8 15. Qxe5 Re8 16. Qg3 Bf5 17. c3 Qd7 18. Be3 Qb5 19. Bd4 Bg6 20. h4 Re4 21. h5 Rxd4 22. cxd4 Bxh5 23. Qc3 Re8 24. Rfe1 Re6 25. Qh3 Rh6 26. b4 Bg6 27. Qc8+ Kh7 28. Re8 Bh5 29. g4 Re6 30. Rh8+ Kg6 31. gxh5+ Kf5 32. Rf8 Qe2 33. Rxf7+ Kg4 34. Re7 1-0

[Event "Niedersachsen-ch Seniors op 09th"]
[Site "Bad Bevensen"]
[Date "2006.06.30"]
[Round "7"]
[White "Kirschner, Dietmar"]
[Black "Mueller Using, Detlev"]
[Result "1/2-1/2"]
[WhiteElo "1911"]
[BlackElo "1826"]
[PlyCount "42"]
[EventDate "2006.06.24"]
[EventType "swiss"]
[EventRounds "9"]
[EventCountry "GER"]
[SourceTitle "EXT 2022"]
[Source "ChessBase"]
[SourceDate "2021.10.06"]
[SourceVersion "1"]
[SourceVersionDate "2021.10.06"]
[SourceQuality "1"]

1. e4 d5 2. exd5 Nf6 3. d4 Qxd5 4. c4 Qd6 5. Nc3 Bf5 6. c5 Qd8 7. Bb5+ c6 8. Bc4 b5 9. cxb6 axb6 10. Bg5 e6 11. Nge2 Be7 12. 0-0 Na6 13. Ng3 Bg6 14. a3 Nc7 15. Bd3 Ncd5 16. Bxg6 hxg6 17. Qc2 0-0 18. Nce4 Nxe4 19. Bxe7 Qxe7 20. Nxe4 Rfc8 21. Rac1 Ra7 1/2-1/2

[Event "Niedersachsen-ch Seniors op 09th"]
[Site "Bad Bevensen"]
[Date "2006.06.29"]
[Round "6"]
[White "Wittkugel, Friedhelm"]
[Black "Kirschner, Dietmar"]
[Result "1/2-1/2"]
[WhiteElo "1802"]
[BlackElo "1911"]
[PlyCount "67"]
[EventDate "2006.06.24"]
[EventType "swiss"]
[EventRounds "9"]
[EventCountry "GER"]
[SourceTitle "EXT 2022"]
[Source "ChessBase"]
[SourceDate "2021.10.06"]
[SourceVersion "1"]
[SourceVersionDate "2021.10.06"]
[SourceQuality "1"]

1. e4 c5 2. Nc3 Nc6 3. f4 e6 4. Nf3 d6 5. Bb5 Bd7 6. d3 Nge7 7. Be3 a6 8. Bxc6 Nxc6 9. Qe2 Be7 10. Nd1 0-0 11. 0-0 f5 12. Nf2 Bf6 13. c3 e5 14. Qd2 Qe8 15. Rad1 Rd8 16. Rfe1 Qf7 17. b3 Bc8 18. Qc1 exf4 19. Bxf4 fxe4 20. Nxe4 Bxc3 21. Bxd6 Bxe1 22. Bxf8 Rxf8 23. Rxe1 Bg4 24. Neg5 Qd5 25. Qc4 Bxf3 26. Nxf3 Qxc4 27. dxc4 Rd8 28. Kf2 Nb4 29. Re2 Kf8 30. Ne1 Rd6 31. g3 Kf7 32. a3 Nd3+ 33. Nxd3 Rxd3 34. Re3 1/2-1/2

[Event "Bad Bevensen op"]
[Site "Bad Bevensen"]
[Date "2005.06.29"]
[Round "5"]
[White "Ousatchi, Mark"]
[Black "Kirschner, Dietmar"]
[Result "1/2-1/2"]
[WhiteElo "2139"]
[BlackElo "1971"]
[PlyCount "44"]
[EventDate "2005.06.25"]
[EventType "swiss"]
[EventRounds "9"]
[EventCountry "GER"]
[SourceTitle "EXT 2007"]
[Source "ChessBase"]
[SourceDate "2006.11.23"]
[SourceVersion "1"]
[SourceVersionDate "2006.11.23"]
[SourceQuality "1"]

1. d4 e6 2. e4 d5 3. Nc3 dxe4 4. Nxe4 Nc6 5. Nf3 Be7 6. Bb5 Bd7 7. 0-0 a6 8. Bc4 b5 9. Be2 Nf6 10. Ng3 0-0 11. c3 Bd6 12. Bg5 h6 13. Bxf6 Qxf6 14. Ne4 Qe7 15. Re1 Na5 16. Nxd6 cxd6 17. Qd3 Qf6 18. Qc2 Rac8 19. a4 bxa4 20. Bxa6 Rb8 21. Bd3 Bc6 22. Be4 Bxe4 1/2-1/2

[Event "Bad Bevensen op"]
[Site "Bad Bevensen"]
[Date "2005.06.26"]
[Round "2"]
[White "Kirschner, Dietmar"]
[Black "Romanow, Werner"]
[Result "1/2-1/2"]
[WhiteElo "1971"]
[BlackElo "2103"]
[PlyCount "51"]
[EventDate "2005.06.25"]
[EventType "swiss"]
[EventRounds "9"]
[EventCountry "GER"]
[SourceTitle "EXT 2007"]
[Source "ChessBase"]
[SourceDate "2006.11.23"]
[SourceVersion "1"]
[SourceVersionDate "2006.11.23"]
[SourceQuality "1"]

1. f4 d5 2. e3 g6 3. Nf3 Bg7 4. Be2 Nf6 5. 0-0 0-0 6. d3 c5 7. c3 Qc7 8. Qe1 Nc6 9. d4 c4 10. Ne5 Ne4 11. Bf3 Nf6 12. Nd2 Bf5 13. e4 dxe4 14. Nxe4 Bxe4 15. Bxe4 Nxe4 16. Qxe4 Nxe5 17. fxe5 Qc6 18. Qxc6 bxc6 19. Be3 e6 20. Bg5 Rfb8 21. Rf2 Rb7 22. Raf1 a5 23. g4 a4 24. a3 Bf8 25. Kg2 Rab8 26. Bc1 1/2-1/2